[Event "KNSB-Beker"]
[Site "Euwe-ASG 3-1"]
[Date "2004.12.09"]
[Round "?"]
[White "Witt, Rob"]
[Black "Konijn, Rob"]
[Result "1-0"]
[WhiteElo "2237"]
[BlackElo "2024"]
[Annotator "Witt,Rob"]
[PlyCount "55"]
[EventDate "2004.??.??"]

{Op 9 december moesten we voor het eerst aantreden voor de KNSB-beker.
Gelukkig was het een thuiswedstrijd tegen ASG uit Alkmaar. Schaaktechnische
voorbereiding was nauwelijks mogelijk omdat ze alleen aan bord 1 een bekende
speler hadden. Bovendien moet vlak voor de wedstrijd om de kleur geloot worden.
Dat compenseerden we door gezamenlijk, inclusief teamleider Sander, bij de
Italiaan op het Cornelis Troostplein te gaan eten. Het eerste uur van de
wedstrijd liep voorspoedig. Zowel Gertjan (Sveshnikov a la Leko), Juan, Tigran
en ikzelf kwamen goed uit de opening. Juan en ik zorgden al snel voor een 2-0
voorsprong en er leek geen vuiltje aan de lucht. Toen ik een uurtje niet
gekeken had kwam Juan me melden dat hij zich vast mentaal ging voorbereiden op
het vluggeren want het kon best wel eens 2-2 worden. En inderdaad, Tigran
stond inmiddels slecht en had bovendien een grote tijdsachterstand. Ook
Gertjan had het voordeel verspeeld maar hoefde m.i. niet te verliezen. Tigran
verloor inderdaad (2-1), maar de tegenstander van Gertjan greep in het
eindspel mis en Gertjan kon alsnog op fraaie wijze de overwinning weilig
stellen (3-1). In de volgende ronde wacht ons het sterke Lunatis Purmerend.
Mijn overwinning bleek grotendeels bekend te zijn, al zag ik dat pas een paar
dagen later.} 1. Nf3 d5 2. d4 Nf6 3. c4 c6 4. Nc3 $1 {Na vier pilsjes bij de
Italiaan was ik in de juiste stemming om mijn gebruikelijke slappe 4.Dc2
achterwege te laten.} e6 5. Bg5 {Vaak durft zwart het niet aan en kiest dan
voor de Moskouvariant (5....h6) of de Cambridge Springs (5...Pbd7). Dit
laatste heb ik ook wel een aantal keren gespeeld en binnenkort kan onze
eindredacteur alles over de Cambridge springs vertellen.} dxc4 {Ha, de
Botwinni kvariant, een van de meest ondoorgrondelijke openingen van het
schaakspel. In NCO (Nunn's Chess Openings) noemt de schrijver de stellingen
"chaotic and irrational". Het theoretisch oordeel verandert voortdurend en het
is nooit erg duidelijk wat nu de hoofdvariant is.} 6. e4 b5 7. e5 h6 8. Bh4 g5
9. Nxg5 hxg5 10. Bxg5 Nbd7 11. g3 Bb7 12. Bg2 Qb6 13. exf6 c5 14. d5 O-O-O 15.
O-O b4 {Hiermee is een van de belangrijkste basistellingen ontstaan van de
Botwinnik. Ik besloot te kiezen voor een oude voortzetting van Uhlmann die
inmiddels weer modern is.} 16. Rb1 $5 {Er is een geweldige vracht theorie over
16.Pa4.} Bh6 {Hier hield mijn kennis op, of liever, was ik vergeten wat ik
rond 1995 had bestudeerd. Dat is niet zo gek want ik zou het ook vergeten zijn
als ik het vorige week had bestudeerd. Overigens vertelde mijn tegenstander me
dat hij geen ervaring had met 16.Tb1, dus mijn keus was goed.} ({Het stond me
vaag bij dat de theorie verder ging met} 16... Qa6 {en inderdaad schijnt dit
het beste te zijn. In de stampartij Uhlmann-Alexandria 1981 volgde} 17. dxe6
Bxg2 18. e7 Bxf1 {Hier is later ook La8 en Lb7 gespeeld. De laatste nog in
Rogers-Stellwagen, Wijk aan Zee 2003, die door Stellwagen gewonnen werd.}) 17.
Bxh6 {Ik had hier lang nagedacht over allerlei dekzetten als Dc1 en h4 maar
die zetten kosten tijd en ik wilde snel aktief worden.} Rxh6 18. b3 $1 {
Deze sterke zet is een vondst van Van Wely en Piket. Voor het eerst kwam het
voor in de partij Piket-Illescas, Dos Hermanas 1995. Ik kon me dit idee wel
herinneren, alleen wist ik niet of het in deze stelling was. Piket analyseert
deze partij uitgebreid in New in Chess Magazine 1995/4. Ik zie nu dat er
behoorlijk wat fouten in die analyse zitten. Waarschijnlijk geanalyseerd met
behulp van Fritz 1 op een 386 of zoiets.} cxb3 {Na de partij leek ons dit
minder goed maar de alternatieven die we bekeken leken ook allemaal goed voor
wit.} 19. Na4 Qb5 (19... Qd6 $2 20. dxe6 Qxd1 21. Bxb7+ Kxb7 22. Rbxd1 $18) 20.
axb3 Kb8 $2 ({Ik verwachtte hier} 20... exd5 {en dit is ook wat Illescas
speelde.} 21. Rc1 {en hier vroeg ik me af wat zwarts beste zet is. Illescas
vervolgde met} Kb8 {Piket vervolgde nu met het mindere} 22. Re1 $2 (22. Qd2 $1
{Volgens Piket (in 1995!) de enige zet om het voordeel vast te houden.} Rxf6 ({
[Witt: Veel sterker lijkt me} 22... Rdh8 {wat Piket helaas niet analyseert.})
23. Qg5 $1) ({Slecht is volgens Piket} 22. Bxd5 $2 {wegens} Ne5 23. Rxc5 Qe8 $3
(23... Qxc5 24. Nxc5 Rxd5 25. Na6+ $1 {met winst.}) 24. Nb2 {[Witt: dit is
onzin 24.f4! is heel goed voor wit.]} Rxd5 25. Rxd5 Qc6 $17 {[Witt: en ook dit
is onzin na} 26. Nc4 Qxd5 27. Qxd5 Bxd5 28. Nxe5)) 21. dxe6 Bxg2 22. Qd6+ Ka8
23. Kxg2 fxe6 (23... Rdh8 24. Qxd7 (24. exd7 {kan ook.}) 24... Rxh2+ 25. Kf3
$18) 24. Rbc1 $146 {De eerste nieuwe zet! In Marcel Peek-Matthew Tan, ACT 2004
volgde 24.Tbd1. Mijn zet leek me nog iets sterker maar veel zal het niet
uitmaken.} Rc8 25. Rcd1 $2 {40' Ik liet me deze keer niet meeslepen door
zwarts tijdnood, maar ondanks 11' nadenken doe ik niet zo'n beste. Beter was} (
25. f7 {met de dreiging Pxc5.} Rf6 26. Qe7 {en zwart heeft geen zetten meer.})
25... Qe2 $2 {Een paniekzet in tijdnood.} (25... Nxf6 26. Qxe6 Re8 {(Die had
ik niet gezien)} 27. Qc4 Qc6+ 28. f3 Rh5 29. Rfe1 $16 {moet wit nog werken
voor het punt.}) 26. Qxd7 Qe4+ 27. Kg1 Rch8 28. Qc7 {(dreigt Pb6+) en zwart
gaf op. Ik was natuurlijk blij met mijn overwinning en met die van het team.
Toch zat ik me het weekend af te vragen of het spelen van zulke scherpe
theoretische varianten nou echt leuk is. Ik heb weliswaar de methode met 17.
Lxh6 en 18.b3 voor het bord bedacht, maar ik heb die partij Piket-Illescas
vroeger gezien. Die moet dus ergens in mijn onderbewustzijn zitten. Creatief
gezien heb ik deze avond niks gepresteerd. Bovendien haperde de techniek ook
nog even met 25.Tcd1 i.p.v. 25.f7. Misschien speel ik de volgende keer toch
maar weer 4.Dc2 met een gelijke stelling.} 1-0

[Event "Euwe Rapid"]
[Site "?"]
[Date "2005.02.03"]
[Round "2"]
[White "Van der Hoeven, Gertjan"]
[Black "Witt, Rob"]
[Result "0-1"]
[WhiteElo "2290"]
[BlackElo "2237"]
[Annotator "Witt,Rob"]
[PlyCount "84"]

1. e4 e6 2. d4 d5 3. e5 c5 4. c3 Nc6 5. a3 {Een eigenaardigheidje dat Gertjan
wel vaker speelt. Ik snap niet wat Gertjan hiermee beoogt. Een nadeel zie ik
wel. Zwart kan nu i.p.v. Db6 de opstelling met Ld7 spelen, waarna de
opstelling met a3 en b4 niet als gevaarlijk geldt. Onlangs bleekt dat weer in
een knsb-partij Wiersma-Yge Visser en Gertjan heeft het zelf ook ondervonden
in Lost Boys 2002(?) tegen een jonge Belg. Ik wilde echter gewoon onze
discussie in de hoofdvariant voortzetten.} Qb6 6. Nf3 Nh6 7. b4 cxd4 8. cxd4
Nf5 9. Bb2 Be7 {Het belangrijke alternatief Ld7 speel ik ook wel eens.} (9...
Bd7 10. g4 {en nu speelt een specialist als Lputian zowel Ph6 als Pfe7.}) 10.
Bd3 {Aha. Gertjan (en ook Tigran?) is na aanvankelijke successen afgestapt van
10.h4. Zou ik ze dan toch overtuigd hebben van de kracht van 10...a5?} a5 11.
Bxf5 {Deze methode speelde Gertjan ook tegen Ligterink en een paar dagen later
tegen mij, waar h4 en h5 ingelast waren. Zwart kreeg in die partijen last van
de zwakte van veld g5.} ({Ik zie zelf meer in} 11. Qa4 $5 O-O 12. b5 {zoals ik
eerder op EOL heb aanbevolen.}) 11... exf5 12. Nc3 Be6 13. b5 Na7 (13... a4 $1
{is verreweg de beste zet, maar ik wilde iets anders proberen. Een ander en
misschien beter idee is Pb8. In beide gevallen is het idee om dit paard naar
b6 om te spelen. Vanuit a7 zal dat via c8 moeten maar daar wil zwart ook een
toren hebben. Aan de andere kant oefent Pa7 druk uit op b5 waardoor wit vroeg
of laat a4 zal moeten spelen.}) 14. Qd3 O-O 15. O-O {Van deze stelling ben ik
zeker en van de stelling op de 25e zet ook. Ik weet alleen niet zeker of zet
16 t/m 24 gegaan is als ik hier weergeef.} Rac8 16. a4 $14 {Wit wil Pc3
omspelen naar f4 en ook de zwarte lopers ruilen.} Rc4 17. Ba3 Bxa3 18. Rxa3 Qc7
19. h4 ({Hier lijkt} 19. Nd2 {sterk. Maar misschien heeft het niet zo gestaan.
Ik kan het niet precies reconstrueren.}) 19... Qe7 20. Ne2 Nc8 21. Ng5 h6 22.
Nxe6 fxe6 23. Nf4 Re8 24. h5 Rxd4 (24... Nb6 {was denk ik beter}) 25. Qxd4 Qxa3
{Wit heeft voldoende compensatie voor de pion.} 26. Rb1 $6 (26. Ra1 $1 {
om de c-lijn te veroveren.} Qe7 27. Rc1 Qd8 28. Qd2 {en zwart kan weinig
beginnen met zijn pluspion.}) 26... Kf7 {Fritz wil hier b6 spelen maar komt
het zwarte paard nooit meer in het spel.} 27. Nd3 Qe7 28. Rc1 Qd8 29. Nc5 Re7
30. Qh4 $6 {pent de toren en dreigt Pxb7. beter was echter} (30. Qc3 $5 $14)
30... Qc7 $6 (30... Qe8 $11) 31. Qg3 $2 (31. Qf4 {en wit staat misschien wel
iets beter.}) 31... Nb6 $15 {Eindelijk krijgt zwart wat hij wil, een paard op
c4.} 32. Nd3 Nc4 33. Rc3 Kg8 34. Nb2 $2 (34. Qf4 $15) 34... Qxe5 35. Nxc4 Qxg3
36. fxg3 Rc7 $1 37. Re3 dxc4 38. Rxe6 c3 39. Re1 c2 40. Rc1 Kf7 41. Kf2 Kf6 42.
Ke2 Kg5 {En wit geeft op.} 0-1

[Event "Euwe Rapid"]
[Site "?"]
[Date "2005.02.03"]
[Round "3"]
[White "Witt, Rob"]
[Black "Janse, Paul"]
[Result "1-0"]
[WhiteElo "2237"]
[BlackElo "2127"]
[PlyCount "55"]
[EventDate "2005.??.??"]

1. Nf3 Nc6 2. d4 d5 3. Bf4 Bg4 4. e3 e6 5. c4 Bb4+ 6. Nc3 Nge7 7. h3 Bxf3 8.
Qxf3 O-O 9. Bh2 Ng6 10. cxd5 exd5 11. Rc1 Re8 12. Qd1 Nh4 13. a3 Ba5 14. b4 Bb6
15. Kd2 Qf6 16. Nxd5 Qxf2+ 17. Qe2 Qf5 18. Nxb6 axb6 19. Qd3 Qxd3+ 20. Bxd3
Nxg2 21. b5 Rxa3 22. bxc6 Rxe3 23. Rc3 Rxc3 24. Kxc3 bxc6 25. Kd2 Rxh3 26. Bf1
Rh4 27. Bxg2 Rxd4+ 28. Ke3 1-0

[Event "Euwe Rapid"]
[Site "?"]
[Date "2005.02.03"]
[Round "4"]
[White "Hovenga, Alje"]
[Black "Witt, Rob"]
[Result "1-0"]
[WhiteElo "2169"]
[BlackElo "2237"]
[Annotator "Witt,Rob"]
[PlyCount "31"]

{De laatste ronde van de 2e Rapidavond bij Euwe. We hadden allebei 5-7 en de
winnaar van deze partij zou na 2 van de 3 avonden koploper zijn.} 1. d4 Nf6 2.
c4 e6 3. Nc3 Bb4 4. Nf3 {Dit speelt Alje sinds kort. Hij heeft er zelfs een
boek over gekocht dat alleen dit Kasparovsysteem behandelt. Omdat het
vermoeden bestaat dat Alje nog niet helemaal thuis is in de materie gaan
sommigen plotseling Nimzoindisch spelen. Zo verloor Gertjan eerder op de avond
van Alje en ik maak nu dezelfde fout. Toch was de gedachte niet zo gek. Alje
blijkt inderdaad niet goed op de hoogte, maar ik vergat even dat ik zelf ook
niks wist van deze variant.} d5 {De Ragozinvariant. We hadden het vooraf aan
de bar even over deze variant gehad. Ik vertelde Alje over mijn partij tegen
Wim Nijenhuis vorige week en zei ook dat wit het beste 5.cxd5 en 6.Lg5 kon
spelen. Dat had Alje nog onthouden.} 5. cxd5 ({Tegen Wim koos ik voor het
ouderwetse} 5. Qa4+ Nc6 6. Bg5 h6 7. Bxf6 Qxf6 8. cxd5 exd5 9. e3 O-O 10. Be2 {
Tot mijn verbazing zag ik achteraf dat Timman enkele maanden geleden ook zo
gespeeld had op de Olympiade in Calvia.}) 5... exd5 6. Bg5 h6 7. Bh4 g5 ({
De andere hoofdvariant begint met} 7... c5) 8. Bg3 Ne4 9. Qb3 $6 ({Ouderwets,
maar als je de stelling niet kent is het de meest voor de hand liggende zet.
Tegenwoordig geldt als beste} 9. Nd2 Nxc3 10. bxc3 Bxc3 11. Rc1 Ba5 {Een
voorbeeldpartij is Gelfand-Bareev, Polanica Zdroj 1997.}) 9... c5 $6 {Dit leek
me logisch maar het wordt nooit gespeeld. Toch gek dat er helemaal geen partij
mee te vinden is. Normaal is} (9... Nc6) 10. e3 $2 {Maar dit is ook niet goed.}
(10. dxc5 {lijkt me het beste.}) 10... Nc6 $2 {En zo straf je wit's fout niet
af.} (10... Qa5 $1 {en wit heeft problemen.}) 11. dxc5 Qf6 $2 (11... Nxc5 12.
Qc2 Ne4 13. Bd3 $14) (11... Qa5 12. Rc1 $14) 12. Bb5 $2 {Lijkt logisch, maar
sterker was} (12. Be5 $1 Nxe5 13. Qxb4 Nxf3+ 14. gxf3 Nxc3 15. bxc3 Qxf3 16.
Bb5+ Kf8 17. Rg1 $16) 12... Nxc5 $1 13. Be5 Qf5 $4 {Niet goed de stukken
geteld.} ({Noodzakelijk was} 13... Qe6 14. Qxb4 (14. Qd1) (14. Qc2) 14... Nd3+
15. Bxd3 {Dat is het verschil. De zwarte dame staat niet aangevallen.} Nxb4 16.
Bb5+ Kf8 17. Bxh8 Nc2+ 18. Kd2 Nxa1 19. Rxa1 f6 20. Nd4 Qd6 {en Fritz vindt
het onduidelijk.}) 14. Qxb4 $18 Nd3+ 15. Bxd3 Qxd3 16. Qb5 {Ik heb zelden zo'n
korte partij gespeeld met zoveel wederzijdse fouten.} 1-0

[Event "Euwe Rapid"]
[Site "?"]
[Date "2005.02.03"]
[Round "3"]
[White "Witt, Rob"]
[Black "Janse, Paul"]
[Result "1-0"]
[WhiteElo "2237"]
[BlackElo "2127"]
[Annotator "Witt"]
[PlyCount "55"]
[EventDate "2005.??.??"]

1. Nf3 Nc6 2. d4 d5 3. Bf4 Bg4 4. e3 e6 5. c4 Bb4+ 6. Nc3 {Ik heb met Paul al
heel wat varianten van de Chigorin uitgevochten, maar deze hebben we nog nooit
op het bord gehad. Ik heb het wel een keer met succes gespeeld in Lost Boys
2001 tegen Dennis Helvensteijn.} Nge7 {Een week eerder speelde Paul in de
interne Pf6 tegen Kalma. Zie EOL 465. Hij memoreerde daarbij ook een partij
Van Wely-Morozevich. Ik herinnerde me dat ik op die partij een verbetering had,
die echter niet op het bord kwam omdat Helvensteijn eerder afweek.} 7. h3 {
Beter is Tc1 wat ik tegen Helvensteijn speelde.} Bxf3 8. Qxf3 O-O 9. Bh2 Ng6
10. cxd5 exd5 11. Rc1 $6 ({Beter is} 11. a3 Ba5 (11... Bxc3+ 12. bxc3 Na5 13.
Bd3 $14) 12. Bd3 (12. b4 $2 Nxb4 $1 13. axb4 Bxb4 14. Rc1 c5 15. dxc5 Qa5 $17))
11... Re8 12. Qd1 $6 (12. Rd1) 12... Nh4 (12... Qh4 $5) 13. a3 Ba5 {Dit had ik
niet verwacht en ik vervolg nu blind} 14. b4 $2 Bb6 {Om nu te moeten
constateren dat ik grote problemen heb met pion d4.} 15. Kd2 {Ik kon niks
beters bedenken. Fritz suggereert} (15. Bb5 {en maakt het heel ingewikkelk.
Een variant als voorbeeld:} Nxg2+ (15... Bxd4 16. O-O) 16. Kf1 Nxe3+ 17. fxe3
Rxe3 {Dit leek me hopeloos voor wit, maar Fritz speelt cool} 18. Bf4 Qf6 ({
Beter lijkt me} 18... Rxc3 $5 19. Rxc3 Nxd4 20. Ba4 Qf6 21. Qg4 Ne6 22. Rf3 h5)
19. Nxd5 Qf5 20. Bxc6 (20. Bc4 Rd8 21. Qg4 Rxd5 22. Bxd5 Qxd5 23. Bxe3 Qxh1+
24. Kf2 Qd5) 20... bxc6 21. Nxe3 Qxf4+ 22. Kg2 Qxe3 23. Rf1 {onduidelijk.})
15... Qf6 16. Nxd5 $2 (16. Bg3) 16... Qxf2+ 17. Qe2 Qf5 18. Nxb6 (18. Qc4)
18... axb6 19. Qd3 Qxd3+ $2 (19... Qf2+ {moet gewonnen zijn voor zwart.}) 20.
Bxd3 Nxg2 $2 (20... Rxa3 21. b5 Nb4 22. Bc4 Nxg2 23. Rhf1 {onduidelijk.}) 21.
b5 $1 {Nu staat wit beter en Paul begon lang na te denken.} Rxa3 $2 {Paul moet
spoken gezien heben. Speelbaar was} (21... Na5 22. Rxc7 Nxe3) 22. bxc6 Rxe3 23.
Rc3 (23. Bb1 $1) 23... Rxc3 24. Kxc3 bxc6 25. Kd2 Rxh3 26. Bf1 $2 (26. Ra1 g5
27. Be5 $16) 26... Rh4 $2 (26... Ra3 $1 {is onduidelijk.}) 27. Bxg2 Rxd4+ 28.
Ke3 {Hier moesten we allebei lachen. De materiaalverhouding is op dit moment
gelijk. De lopers zijn echter dodelijk en zwart verloor kansloos.} 1-0